Auto general sobre el modo que deben de darse los hábitos en la Tercera Orden de San Francisco

Detalles Bibliográficos
Otros Autores: Nicolás de Castro y Andrade
Formato: Libro
Publicado: Puebla , 1734
Materias:
Colección:Banco de datos
Acervo:Biblioteca Palafoxiana. Colección de Manuscritos
Descripción Física:2 f. ; 21 x 30.2 cm.
Tema general:Eclesiástica
LEADER 00450nam a22001450004500
035 |a 2418 
245 1 0 |a Auto general sobre el modo que deben de darse los hábitos en la Tercera Orden de San Francisco 
260 |a Puebla , 1734 
300 |a 2 f. ; 21 x 30.2 cm. 
650 1 0 |a Eclesiástica 
700 1 |a Nicolás de Castro y Andrade 
949 |a R186/026 
942 |c PALAMANU 
943 |g Biblioteca Palafoxiana. Colección de Manuscritos 
999 |c 1070363  |d 1070363